| 000 | 00432nam a2200157 4500 | ||
|---|---|---|---|
| 001 | 136334 | ||
| 003 | ES-MaACL | ||
| 005 | 20230906195107.0 | ||
| 007 | t| | ||
| 008 | 070214s1906 it r ||||1| ita d | ||
| 100 | 1 |
_aSacchi, Alessandro. _9101230 |
|
| 245 | 1 | 0 |
_aIstituzioni di Scienza Occulta / _cAlessandro Sacchi. |
| 260 |
_aTorino : _bFratelli Bocca, _c1906. |
||
| 300 |
_aVIII, 394 p. ; _c20 cm. |
||
| 852 |
_aES-MaACL _jF-6075 |
||
| 999 |
_c136334 _d136334 |
||